000 00439nam a22001337a 4500
008 230327b |||||||| |||| 00| 0 eng d
020 _a02845040.
050 _aDT2906.C38 1997.
100 _aPwiti, Gilbert
_931769
245 _aCaves,monuments and texts;
_bzimbabwean archaelogy today.
_cGilbert,Pwiti
260 _aSweden:
_bDepartment of Archaeology and Ancient History.
_c1997.
300 _avi;
_b159p;
_c24cm.
942 _2lcc
_cMONOGRAPH
999 _c131711
_d131711